<?xml version="1.0" encoding="UTF-8"?>
<collection xmlns="http://www.loc.gov/MARC21/slim">
<record>
  <controlfield tag="001">2802276</controlfield>
  <controlfield tag="003">SzGeCERN</controlfield>
  <controlfield tag="005">20220224102840.0</controlfield>
  <datafield tag="595" ind1=" " ind2=" ">
    <subfield code="a">1.08.01</subfield>
  </datafield>
  <datafield tag="980" ind1=" " ind2=" ">
    <subfield code="a">ARC010801</subfield>
  </datafield>
  <datafield tag="490" ind1=" " ind2=" ">
    <subfield code="a">CERN-ARCH-PS</subfield>
    <subfield code="v">Collection: PS and MPS Divisions</subfield>
  </datafield>
  <datafield tag="490" ind1=" " ind2=" ">
    <subfield code="a">CERN-ARCH-PS-02</subfield>
    <subfield code="v">Sub-collection: Minutes</subfield>
  </datafield>
  <datafield tag="856" ind1="4" ind2=" ">
    <subfield code="u">http://library.web.cern.ch/archives/CERN_archive/guide/accelerators/proton_synchrotron/isaps</subfield>
    <subfield code="y">Description of record group</subfield>
  </datafield>
  <datafield tag="852" ind1=" " ind2=" ">
    <subfield code="a">CERN Archives. Bldg. 61-S-001</subfield>
    <subfield code="c">S0535</subfield>
  </datafield>
  <datafield tag="970" ind1=" " ind2=" ">
    <subfield code="a">000044709ARC</subfield>
  </datafield>
  <datafield tag="541" ind1=" " ind2=" ">
    <subfield code="a">PS Division</subfield>
    <subfield code="d">1991-05-03</subfield>
    <subfield code="f">Allardyce, Brian W</subfield>
  </datafield>
  <datafield tag="340" ind1=" " ind2=" ">
    <subfield code="a">Paper</subfield>
  </datafield>
  <datafield tag="506" ind1=" " ind2=" ">
    <subfield code="a">Restricted</subfield>
  </datafield>
  <datafield tag="916" ind1=" " ind2=" ">
    <subfield code="w">200150</subfield>
  </datafield>
  <datafield tag="774" ind1=" " ind2=" ">
    <subfield code="r">MPS-SM-Min-74-6</subfield>
  </datafield>
  <datafield tag="774" ind1=" " ind2=" ">
    <subfield code="r">MPS-SM-Min-74-7</subfield>
  </datafield>
  <datafield tag="774" ind1=" " ind2=" ">
    <subfield code="r">MPS-SM-Min-74-8</subfield>
  </datafield>
  <datafield tag="774" ind1=" " ind2=" ">
    <subfield code="r">MPS-SM-Min-75-3</subfield>
  </datafield>
  <datafield tag="774" ind1=" " ind2=" ">
    <subfield code="r">MPS-SM-Min-75-4</subfield>
  </datafield>
  <datafield tag="774" ind1=" " ind2=" ">
    <subfield code="r">MPS-SM-Min-75-10</subfield>
  </datafield>
  <datafield tag="774" ind1=" " ind2=" ">
    <subfield code="r">MPS-SM-Min-75-12</subfield>
  </datafield>
  <datafield tag="774" ind1=" " ind2=" ">
    <subfield code="r">MPS-SM-Min-75-13</subfield>
  </datafield>
  <datafield tag="300" ind1=" " ind2=" ">
    <subfield code="a">0,5 cm</subfield>
  </datafield>
  <datafield tag="710" ind1=" " ind2=" ">
    <subfield code="a">CERN. Geneva. Proton Synchrotron Division (PS)</subfield>
  </datafield>
  <datafield tag="041" ind1=" " ind2=" ">
    <subfield code="a">eng</subfield>
  </datafield>
  <datafield tag="041" ind1=" " ind2=" ">
    <subfield code="a">fre</subfield>
  </datafield>
  <datafield tag="245" ind1=" " ind2=" ">
    <subfield code="a">Proton Synchrotron, PS</subfield>
    <subfield code="b">PS minutes SM (Synchrotron Magnets) Group, from December 1974 to November 1975</subfield>
  </datafield>
  <datafield tag="960" ind1=" " ind2=" ">
    <subfield code="a">01</subfield>
  </datafield>
  <datafield tag="961" ind1=" " ind2=" ">
    <subfield code="c">20090526</subfield>
    <subfield code="h">1637</subfield>
    <subfield code="l">ARC01</subfield>
    <subfield code="x">20011213</subfield>
  </datafield>
  <datafield tag="963" ind1=" " ind2=" ">
    <subfield code="a">PUBLIC</subfield>
  </datafield>
  <datafield tag="929" ind1=" " ind2=" ">
    <subfield code="a">Permanent</subfield>
  </datafield>
  <datafield tag="925" ind1=" " ind2=" ">
    <subfield code="a">1967-05-11</subfield>
    <subfield code="b">1970-03-18</subfield>
  </datafield>
  <datafield tag="927" ind1=" " ind2=" ">
    <subfield code="a">CERN-ARCH-PS-02-039</subfield>
  </datafield>
</record>
</collection>